| 000 -LEADER |
| fixed length control field |
01653nam a22001577a 4500 |
| 008 - FIXED-LENGTH DATA ELEMENTS--GENERAL INFORMATION |
| fixed length control field |
200904b ||||| |||| 00| 0 eng d |
| 100 ## - MAIN ENTRY--PERSONAL NAME |
| Personal name |
Straub, Ludwig and Werning, Ivan |
| 245 ## - TITLE STATEMENT |
| Title |
Positive Long-Run Capital Taxation: Chamley-Judd Revisited |
| 260 ## - PUBLICATION, DISTRIBUTION, ETC. (IMPRINT) |
| Place of publication, distribution, etc |
American Economic Review |
| 300 ## - PHYSICAL DESCRIPTION |
| Extent |
110(1), Jan 2020. p. 86-119 |
| 520 ## - SUMMARY, ETC. |
| Summary, etc |
According to the Chamley-Judd result, capital should not be taxed in the long run. In this paper, we overturn this conclusion, showing that it does not follow from the very models used to derive it. For the main model in Judd (1985), we prove that the long-run tax on capital is positive and significant, whenever the intertemporal elasticity of substitution is below one. For higher elasticities, the tax converges to zero but may do so at a slow rate, after centuries of high tax rates. The main model in Chamley (1986) imposes an upper bound on capital taxes. We provide conditions under which these constraints bind forever, implying positive long-run taxes. When this is not the case, the long-run tax may be zero. However, if preferences are recursive and discounting is locally nonconstant (e.g., not additively separable over time), a zero long-run capital tax limit must be accompanied by zero private wealth (zero tax base) or by zero labor taxes (first-best). Finally, we explain why the equivalence of a positive capital tax with ever-increasing consumption taxes does not provide a firm rationale against capital taxation. |
| 650 ## - SUBJECT ADDED ENTRY--TOPICAL TERM |
| Topical term or geographic name as entry element |
Business Taxes and Subsidies including sales and value-added (VAT) |
| 9 (RLIN) |
17567 |
| 773 ## - HOST ITEM ENTRY |
| Main entry heading |
American Economic Review |
| 906 ## - LOCAL DATA ELEMENT F, LDF (RLIN) |
| Subject DIP |
TAXATION |
| 942 ## - ADDED ENTRY ELEMENTS (KOHA) |
| Item type |
Articles |